000 00202 a2200097 4500
001 10161
100 _aJones, G J
245 _aFrom stalin to khrushchev
260 _a
_bLinden
_c
090 _c7895
_d7895
942 _aNUST-CAE
_cM
_c34594
999 _c245234
_d245234